| 000 | 00491nam a2200157 a 4500 | ||
|---|---|---|---|
| 001 | 000027083 | ||
| 005 | 20200930030606.0 | ||
| 008 | 110329s1974 dr 000 0 spa d | ||
| 040 |
_aDO-SdBNP _bspa _cBNPHU |
||
| 082 |
_axxxx _bI59D |
||
| 110 | 2 |
_aInstituto Dominicano de Seguros Sociales _937115 |
|
| 245 | 1 | 0 | _aPlan de desarrollo de la seguridad social 1974-1978. |
| 260 |
_aSanto Domingo : _bInstituto Dominicano de Seguros Sociales, _c1974. |
||
| 300 |
_a50 p. ; _c29 cm. |
||
| 049 | _aBNPD | ||
| 999 |
_c26575 _d26575 |
||